| 000 | 00495nam a2200181Ia 4500 | ||
|---|---|---|---|
| 008 | 240925s9999 xx 000 0 und d | ||
| 020 | _a8178085712 | ||
| 082 | _a621.3822 HEN | ||
| 100 | _aHenry, Stark | ||
| 245 | 0 | _aProbability and Random Processes: with applications to signal process | |
| 250 | _a3rd | ||
| 260 |
_aSingapore: _bTech Publications _c,2002. |
||
| 300 |
_axxiv,789p. _bNA _fPirated |
||
| 500 | _aNA | ||
| 600 | _aElectronic Engineering | ||
| 650 | _aTechnology | ||
| 942 | _cBK | ||
| 999 |
_c7004 _d7004 |
||